<?xml version="1.0" encoding="UTF-8"?>
<record
    xmlns:xsi="http://www.w3.org/2001/XMLSchema-instance"
    xsi:schemaLocation="http://www.loc.gov/MARC21/slim http://www.loc.gov/standards/marcxml/schema/MARC21slim.xsd"
    xmlns="http://www.loc.gov/MARC21/slim">

  <leader>01055cam a22002417c 4500</leader>
  <controlfield tag="003">OSt</controlfield>
  <controlfield tag="005">20170413115533.0</controlfield>
  <controlfield tag="008">170413s2011    sp     | ||||o000 0 spa d</controlfield>
  <datafield tag="017" ind1=" " ind2=" ">
    <subfield code="a">M 8230-2011</subfield>
    <subfield code="b">Oficina Dep&#xF3;sito Legal Madrid</subfield>
  </datafield>
  <datafield tag="040" ind1=" " ind2=" ">
    <subfield code="c">CDMR</subfield>
  </datafield>
  <datafield tag="245" ind1="0" ind2="0">
    <subfield code="a">Menores en los medios de comunicaci&#xF3;n</subfield>
    <subfield code="h">[Text impres]</subfield>
    <subfield code="c">[organitza], Defensor del Menor en la Comunidad de Madrid, Consejo General de la Abogac&#xED;a Espa&#xF1;ola, APM, Asociaci&#xF3;n de la Prensa de Madrid</subfield>
  </datafield>
  <datafield tag="246" ind1="0" ind2=" ">
    <subfield code="i">Subt&#xED;tol de la coberta</subfield>
    <subfield code="a">Informaci&#xF3;n responsable o espect&#xE1;culo</subfield>
  </datafield>
  <datafield tag="250" ind1=" " ind2=" ">
    <subfield code="a">1&#xAA; ed.</subfield>
  </datafield>
  <datafield tag="260" ind1=" " ind2=" ">
    <subfield code="a">[Madrid]</subfield>
    <subfield code="b">Defensor del Menor en la Comunidad de Madrid [etc.]</subfield>
    <subfield code="c">2011</subfield>
  </datafield>
  <datafield tag="300" ind1=" " ind2=" ">
    <subfield code="a">86 p.</subfield>
    <subfield code="c">22 cm</subfield>
  </datafield>
  <datafield tag="650" ind1="0" ind2="4">
    <subfield code="a">Dret a la intimitat</subfield>
    <subfield code="z">Espanya</subfield>
    <subfield code="9">709</subfield>
  </datafield>
  <datafield tag="650" ind1=" " ind2="4">
    <subfield code="a">Ni&#xF1;os</subfield>
    <subfield code="x">En los medios de comunicaci&#xF3;n social</subfield>
  </datafield>
  <datafield tag="650" ind1="0" ind2="4">
    <subfield code="a">Mitjans de comunicaci&#xF3; social</subfield>
    <subfield code="x">Aspectes morals</subfield>
    <subfield code="9">3082</subfield>
  </datafield>
  <datafield tag="710" ind1="1" ind2=" ">
    <subfield code="a">Madrid (Comunidad Aut&#xF3;noma)</subfield>
    <subfield code="b">Oficina del Defensor del Menor</subfield>
  </datafield>
  <datafield tag="710" ind1="2" ind2=" ">
    <subfield code="a">Consejo General de la Abogac&#xED;a Espa&#xF1;ola</subfield>
  </datafield>
  <datafield tag="710" ind1="2" ind2=" ">
    <subfield code="a">Asociaci&#xF3;n de la Prensa de Madrid</subfield>
    <subfield code="9">87</subfield>
  </datafield>
  <datafield tag="942" ind1=" " ind2=" ">
    <subfield code="c">MON</subfield>
  </datafield>
  <datafield tag="999" ind1=" " ind2=" ">
    <subfield code="c">7015</subfield>
    <subfield code="d">7015</subfield>
  </datafield>
  <datafield tag="952" ind1=" " ind2=" ">
    <subfield code="0">0</subfield>
    <subfield code="1">0</subfield>
    <subfield code="4">0</subfield>
    <subfield code="7">0</subfield>
    <subfield code="8">CIC</subfield>
    <subfield code="a">CDMR</subfield>
    <subfield code="b">CDMR</subfield>
    <subfield code="d">2017-04-13</subfield>
    <subfield code="l">0</subfield>
    <subfield code="o">CIC Ci 1/49</subfield>
    <subfield code="p">CDMR17040006</subfield>
    <subfield code="r">2017-04-13</subfield>
    <subfield code="w">2017-04-13</subfield>
    <subfield code="y">MON</subfield>
  </datafield>
</record>
